[Event "CAN-op U2000"]
[Site "Kitchener CAN"]
[Date "2006.07.17"]
[Round "3"]
[White "Ellis, John"]
[Black "Blair, David"]
[Result "0-1"]
[WhiteElo "1767"]
[BlackElo "1908"]
[PlyCount "98"]
[EventDate "2006.07.15"]
[EventType "swiss"]
[EventRounds "9"]
[EventCountry "CAN"]

1. d4 Nf6 2. c4 c5 3. Nf3 cxd4 4. Nxd4 d5 5. cxd5 Nxd5 6. e4 Nc7 7. Nc3 e5 8.
Nf3 Qxd1+ 9. Nxd1 Bb4+ 10. Bd2 Bxd2+ 11. Nxd2 Nc6 12. Ne3 Be6 13. Bc4 O-O-O 14.
Bxe6+ Nxe6 15. Rc1 Nf4 16. Rc2 Nd3+ 17. Ke2 Ndb4 18. Rc4 Kb8 19. Nf3 Nd4+ 20.
Nxd4 Rxd4 21. a3 Rxc4 22. Nxc4 Nc6 23. Rd1 Nd4+ 24. Ke3 Rd8 25. Nxe5 Nc2+ 26.
Ke2 Re8 27. Nxf7 Rxe4+ 28. Kd3 Rf4 29. f3 Nxa3 30. bxa3 Rxf7 31. Ke3 Re7+ 32.
Kf2 Kc7 33. g4 b5 34. h4 a5 35. Rd4 Kc6 36. g5 Kc5 37. Rd8 b4 38. axb4+ axb4
39. Rc8+ Kd4 40. Rd8+ Kc3 41. Rc8+ Kb2 42. f4 b3 43. h5 Ka2 44. Ra8+ Kb1 45.
Ra6 b2 46. f5 Rf7 47. Ra5 Kc2 48. Rc5+ Kd3 49. Rb5 Rxf5+ 0-1

[Event "CAN-op U2000"]
[Site "Kitchener CAN"]
[Date "2006.07.17"]
[Round "3"]
[White "Goodman, Kevin"]
[Black "MacNeill, Daniel"]
[Result "1-0"]
[WhiteElo "1870"]
[BlackElo "1728"]
[PlyCount "77"]
[EventDate "2006.07.15"]
[EventType "swiss"]
[EventRounds "9"]
[EventCountry "CAN"]

1. d4 d5 2. c4 e6 3. Nc3 Nf6 4. Bg5 Nbd7 5. e3 c6 6. Nf3 Qa5 7. Bxf6 Nxf6 8.
Nd2 Be7 9. Bd3 O-O 10. O-O Bb4 11. Nb3 Qd8 12. Qc2 Bxc3 13. Qxc3 Re8 14. f3
dxc4 15. Bxc4 Nd5 16. Qd2 Nb6 17. Bd3 e5 18. dxe5 Qc7 19. f4 Rd8 20. Qc2 h6 21.
Rf3 Bg4 22. Rg3 Nd5 23. h3 Bh5 24. Bc4 Bg6 25. Qf2 Bh5 26. Nd4 Ne7 27. Rf1 a6
28. f5 Qxe5 29. f6 Ng6 30. fxg7 Kxg7 31. Qxf7+ Kh8 32. Ne6 Rf8 33. Nxf8 Rxf8
34. Qxf8+ Nxf8 35. Rxf8+ Kh7 36. Bd3+ Bg6 37. Bxg6+ Kg7 38. Rf4 Qe7 39. Rf7+
1-0

[Event "CAN-op U2000"]
[Site "Kitchener CAN"]
[Date "2006.07.17"]
[Round "3"]
[White "Heinisch, Peter"]
[Black "Dragan, Cristian"]
[Result "1/2-1/2"]
[WhiteElo "1712"]
[BlackElo "1430"]
[PlyCount "30"]
[EventDate "2006.07.15"]
[EventType "swiss"]
[EventRounds "9"]
[EventCountry "CAN"]

1. e4 e6 2. d4 d5 3. e5 c5 4. Nf3 Nc6 5. c3 Qb6 6. Be2 Nh6 7. O-O Nf5 8. dxc5
Bxc5 9. Qe1 O-O 10. b4 Be7 11. a4 a6 12. Bb2 d4 13. a5 Qa7 14. Na3 dxc3 15.
Bxc3 b5 1/2-1/2

[Event "CAN-op U2000"]
[Site "Kitchener CAN"]
[Date "2006.07.17"]
[Round "3"]
[White "Johnston, Robert"]
[Black "White, Chris"]
[Result "1-0"]
[WhiteElo "1776"]
[BlackElo "1552"]
[PlyCount "61"]
[EventDate "2006.07.15"]
[EventType "swiss"]
[EventRounds "9"]
[EventCountry "CAN"]

1. e4 e6 2. d3 d5 3. Nd2 dxe4 4. Nxe4 Nd7 5. Bg5 Be7 6. f4 Ngf6 7. Nf3 Nxe4 8.
dxe4 Bxg5 9. Nxg5 h6 10. Qh5 Qf6 11. Be2 Qxf4 12. Nxe6 g6 13. Nxf4 gxh5 14. Nd5
Kd8 15. O-O-O c6 16. Nf6 Kc7 17. Nxd7 Bxd7 18. Bxh5 Rhg8 19. Bxf7 Rxg2 20. e5
Be8 21. e6 Bxf7 22. Rd7+ Kb6 23. exf7 Rf2 24. Rg1 Rf8 25. Rg7 c5 26. Rg6+ Ka5
27. Rxb7 a6 28. Rg3 Rf4 29. Kd2 Rd8+ 30. Rd3 Rxd3+ 31. cxd3 1-0

[Event "CAN-op U2000"]
[Site "Kitchener CAN"]
[Date "2006.07.17"]
[Round "3"]
[White "Luiting, Larry"]
[Black "Runstedler, Rick"]
[Result "0-1"]
[WhiteElo "1617"]
[BlackElo "1870"]
[PlyCount "72"]
[EventDate "2006.07.15"]
[EventType "swiss"]
[EventRounds "9"]
[EventCountry "CAN"]

1. e4 c5 2. Nf3 e6 3. d3 d5 4. Nbd2 Nc6 5. g3 Bd6 6. Bg2 Nge7 7. O-O O-O 8. Re1
Ng6 9. h4 Qc7 10. Nf1 d4 11. h5 Nge7 12. Nh4 f5 13. f4 e5 14. exf5 exf4 15. g4
g5 16. Nf3 h6 17. c3 Kg7 18. c4 Ng8 19. N1d2 Nf6 20. Nh2 Ne5 21. Ne4 Nxe4 22.
Bxe4 Bd7 23. b3 Rae8 24. Bb2 Bc6 25. Rc1 f3 26. Bxc6 f2+ 27. Kxf2 Nxc6 28. Rxe8
Bg3+ 29. Kg2 Rxe8 30. Nf3 Qf4 31. Rc2 Qxg4 32. f6+ Kxf6 33. Qf1 Bf4+ 34. Kh1
Re3 35. Rf2 Qxh5+ 36. Kg1 Rxf3 0-1

[Event "CAN-op U2000"]
[Site "Kitchener CAN"]
[Date "2006.07.17"]
[Round "3"]
[White "Me, Kevin"]
[Black "Daku, Zoltan"]
[Result "1-0"]
[WhiteElo "1817"]
[BlackElo "1540"]
[PlyCount "95"]
[EventDate "2006.07.15"]
[EventType "swiss"]
[EventRounds "9"]
[EventCountry "CAN"]

1. e4 e5 2. Nf3 Nc6 3. Bb5 d6 4. O-O Bg4 5. h3 Bxf3 6. Qxf3 Be7 7. c3 Nf6 8. d4
O-O 9. Rd1 Nd7 10. Be3 Qe8 11. Nd2 a6 12. Bxc6 bxc6 13. Nf1 f6 14. Ng3 exd4 15.
cxd4 c5 16. dxc5 Ne5 17. Qe2 dxc5 18. f4 Nf7 19. Qg4 Nh6 20. Qe6+ Kh8 21. Kh2
Bd6 22. Qxe8 Rfxe8 23. Re1 Kg8 24. Rac1 Rab8 25. b3 Kf7 26. Rf1 Ng8 27. e5 Be7
28. Bxc5 Bxc5 29. Rxc5 Rbc8 30. Ne4 Re6 31. Nd6+ cxd6 32. Rxc8 dxe5 33. fxe5
Rxe5 34. Ra8 a5 35. a4 Ne7 36. Rb8 Nc6 37. Rb5 Ke6 38. Rd1 g5 39. Rb6 Rc5 40.
Rd4 Ke5 41. Rc4 Kd5 42. Rb5 Rxb5 43. axb5 Na7 44. b6 Nc6 45. b7 Nb8 46. Rc8 Na6
47. b8=Q Nxb8 48. Rxb8 1-0

[Event "CAN-op U2000"]
[Site "Kitchener CAN"]
[Date "2006.07.17"]
[Round "3"]
[White "Milne, Arthur"]
[Black "Saxena, Sanjay"]
[Result "0-1"]
[WhiteElo "1854"]
[BlackElo "1699"]
[PlyCount "64"]
[EventDate "2006.07.15"]
[EventType "swiss"]
[EventRounds "9"]
[EventCountry "CAN"]

1. b3 Nf6 2. Bb2 d5 3. f4 g6 4. Nf3 Bg7 5. e3 c5 6. Be2 Nc6 7. O-O O-O 8. Ne5
d4 9. Nxc6 bxc6 10. Qe1 Bf5 11. Na3 Nd5 12. Bf3 dxe3 13. Bxg7 exd2 14. Qxd2
Kxg7 15. Rad1 Qc7 16. Bxd5 cxd5 17. Qxd5 Rad8 18. Qc4 Qb6 19. Qc3+ f6 20. Nc4
Qc7 21. Rxd8 Rxd8 22. Ne3 Bc8 23. b4 c4 24. a4 Bb7 25. b5 a6 26. Kh1 axb5 27.
axb5 Qc5 28. Rb1 Rd4 29. f5 Re4 30. Rb3 gxf5 31. h3 f4 32. Nd1 Re2 0-1

[Event "CAN-op U2000"]
[Site "Kitchener CAN"]
[Date "2006.07.17"]
[Round "3"]
[White "Oberton, Daniel"]
[Black "Upper, John"]
[Result "1/2-1/2"]
[WhiteElo "1740"]
[BlackElo "1993"]
[PlyCount "84"]
[EventDate "2006.07.15"]
[EventType "swiss"]
[EventRounds "9"]
[EventCountry "CAN"]

1. e4 e6 2. d4 d5 3. exd5 exd5 4. Bd3 Nc6 5. c3 Bd6 6. Nf3 Bg4 7. O-O Nge7 8.
Bg5 f6 9. Bh4 O-O 10. Bg3 Bf5 11. Bxd6 Qxd6 12. Bxf5 Nxf5 13. Qc2 Nce7 14. Nbd2
g5 15. h3 h5 16. Rae1 Rf7 17. Nh2 Rh7 18. Re2 g4 19. hxg4 hxg4 20. g3 Rf8 21.
Nxg4 Rff7 22. Qd3 Rfg7 23. Qf3 Rh3 24. Kg2 Nh4+ 25. Kxh3 Nxf3 26. Nxf3 Nc6 27.
Nh6+ Kf8 28. Nf5 Qd7 29. g4 Rh7+ 30. N3h4 b5 31. Rfe1 a5 32. Re6 Kf7 33. Kg3
Qxe6 34. Rxe6 Kxe6 35. f4 Ne7 36. Ne3 c6 37. g5 fxg5 38. fxg5 Rg7 39. Kg4 Rg8
40. Neg2 a4 41. Nf4+ Kd6 42. g6 a3 1/2-1/2

[Event "CAN-op U2000"]
[Site "Kitchener CAN"]
[Date "2006.07.17"]
[Round "3"]
[White "Palmer, Jordan"]
[Black "Rowles, Christopher"]
[Result "1-0"]
[WhiteElo "1897"]
[BlackElo "1727"]
[PlyCount "83"]
[EventDate "2006.07.15"]
[EventType "swiss"]
[EventRounds "9"]
[EventCountry "CAN"]

1. e4 c5 2. Nf3 Nc6 3. d4 cxd4 4. Nxd4 d6 5. Nc3 a6 6. Bc4 g6 7. O-O Bg7 8. Be3
Nf6 9. Nxc6 bxc6 10. Qd2 O-O 11. Bh6 Qa5 12. Bxg7 Kxg7 13. Qe2 h5 14. Rae1 d5
15. exd5 cxd5 16. Nxd5 Nxd5 17. Qe5+ f6 18. Qxd5 Qxd5 19. Bxd5 Ra7 20. Re3 Rd8
21. c4 Rc7 22. b3 Bb7 23. Bxb7 Rxb7 24. Re2 Kf7 25. f4 Rd6 26. Rfe1 Rbd7 27.
Kf2 Rd2 28. g3 Rxe2+ 29. Rxe2 e6 30. b4 Rd4 31. Rc2 Ke7 32. Ke3 e5 33. a3 Ke6
34. c5 Rd7 35. Rd2 exf4+ 36. gxf4 Re7 37. Rd6+ Kf5+ 38. Kf3 Ra7 39. h4 g5 40.
fxg5 fxg5 41. Rd5+ Kf6 42. Rxg5 1-0

[Event "CAN-op U2000"]
[Site "Kitchener CAN"]
[Date "2006.07.17"]
[Round "3"]
[White "Qin, Zi Yi (Joey)"]
[Black "Baxted, Peter"]
[Result "1-0"]
[WhiteElo "1780"]
[BlackElo "1685"]
[PlyCount "55"]
[EventDate "2006.07.15"]
[EventType "swiss"]
[EventRounds "9"]
[EventCountry "CAN"]

1. e4 e5 2. Nf3 Nc6 3. Bb5 f5 4. exf5 d6 5. O-O Bxf5 6. d4 exd4 7. Nxd4 Bd7 8.
Bxc6 bxc6 9. Re1+ Kf7 10. Nc3 d5 11. Nf3 Nf6 12. Bg5 Bd6 13. Qd2 h6 14. Bh4 Re8
15. Rxe8 Qxe8 16. Bxf6 Kxf6 17. Re1 Qg6 18. Qd4+ Kf7 19. Nxd5 c5 20. Qd2 Re8
21. Rxe8 Bxe8 22. Qe2 Qf5 23. Ne3 Qf6 24. Qc4+ Kf8 25. c3 Bc6 26. Nh4 a6 27.
Qg4 Qe5 28. Ng6+ 1-0

[Event "CAN-op U2000"]
[Site "Kitchener CAN"]
[Date "2006.07.17"]
[Round "3"]
[White "Supsup, Ferdinand"]
[Black "Dragusanu, George"]
[Result "0-1"]
[WhiteElo "1880"]
[BlackElo "1702"]
[PlyCount "92"]
[EventDate "2006.07.15"]
[EventType "swiss"]
[EventRounds "9"]
[EventCountry "CAN"]

1. e4 e5 2. Nf3 Nc6 3. d4 exd4 4. Nxd4 Bc5 5. Be3 Bb6 6. Nc3 Nf6 7. Qd2 Ng4 8.
O-O-O Nxe3 9. fxe3 d6 10. Bb5 Bd7 11. Rhf1 O-O 12. Kb1 Ne5 13. Bxd7 Nxd7 14.
Rf5 Re8 15. Qf2 f6 16. Qh4 Re5 17. Rdf1 Ba5 18. Nce2 c5 19. Nb3 c4 20. Nbd4 c3
21. R1f3 Qb6 22. Nb3 cxb2 23. Rh3 Nf8 24. Rg3 Ng6 25. Qg4 Qc7 26. h4 Be1 27.
Rh3 Rc8 28. Ned4 Rxf5 29. Qxf5 Bxh4 30. Qh5 Qc3 31. Qd5+ Kh8 32. Qxb7 Ne5 33.
Rxh4 Rc7 34. Qb5 Qe1+ 35. Kxb2 Nc4+ 36. Qxc4 Rxc4 37. Rh3 a5 38. a3 a4 39. Na1
Rc8 40. Rh5 Qc3+ 41. Ka2 Rb8 42. Nb5 Rxb5 43. Rxb5 Qc4+ 44. Rb3 axb3+ 45. cxb3
Qe2+ 46. Kb1 Qxg2 0-1

[Event "CAN-op U2000"]
[Site "Kitchener CAN"]
[Date "2006.07.18"]
[Round "4"]
[White "Blair, David"]
[Black "Me, Kevin"]
[Result "1-0"]
[WhiteElo "1908"]
[BlackElo "1817"]
[PlyCount "65"]
[EventDate "2006.07.15"]
[EventType "swiss"]
[EventRounds "9"]
[EventCountry "CAN"]

1. d4 Nf6 2. Nf3 g6 3. Bg5 Bg7 4. Nbd2 d6 5. e4 O-O 6. Bd3 h6 7. Bh4 c5 8. c3
Re8 9. Qb3 Nc6 10. O-O Qc7 11. d5 Nb8 12. e5 dxe5 13. Bxg6 c4 14. Bxf7+ Kxf7
15. Nxc4 Rf8 16. d6 exd6 17. Ncxe5+ Ke8 18. Ng6 Rf7 19. Rfe1+ Kd8 20. Rad1 Bf5
21. Rxd6+ Kc8 22. Bxf6 Qxd6 23. Re8+ Kc7 24. Qxf7+ Nd7 25. Qc4+ Kb6 26. Rxa8
Bxf6 27. Nf4 Qd1+ 28. Qf1 Qd6 29. g3 Bg4 30. Qe2 Ne5 31. Qe3+ Kc7 32. Nxe5 Bxe5
33. Nd3 1-0

[Event "CAN-op U2000"]
[Site "Kitchener CAN"]
[Date "2006.07.18"]
[Round "4"]
[White "Bowles, Charles"]
[Black "Doucette, Patrick"]
[Result "1-0"]
[WhiteElo "1629"]
[BlackElo "1850"]
[PlyCount "69"]
[EventDate "2006.07.15"]
[EventType "swiss"]
[EventRounds "9"]
[EventCountry "CAN"]

1. e4 c5 2. Nf3 d6 3. Bb5+ Nc6 4. Nc3 Bd7 5. Bxc6 bxc6 6. h3 Nf6 7. e5 dxe5 8.
Nxe5 e6 9. Nxd7 Qxd7 10. O-O O-O-O 11. d3 Rg8 12. Qf3 g5 13. Qxf6 Be7 14. Qf3
g4 15. hxg4 e5 16. g5 Rg7 17. Nb5 Rdg8 18. Qxc6+ Qxc6 19. Nxa7+ Kc7 20. Nxc6
Kxc6 21. g3 Bxg5 22. Bxg5 Rxg5 23. Rae1 h5 24. Re4 Kd6 25. Rfe1 R8g6 26. Kf1
Rf6 27. Ra4 Kd5 28. Ree4 Rb6 29. b3 f5 30. Rxe5+ Kxe5 31. f4+ Kf6 32. fxg5+
Kxg5 33. Rc4 Rb5 34. d4 cxd4 35. Rxd4 1-0

[Event "CAN-op U2000"]
[Site "Kitchener CAN"]
[Date "2006.07.18"]
[Round "4"]
[White "Brauer, Mark"]
[Black "Schaefer, Edward"]
[Result "1/2-1/2"]
[WhiteElo "1390"]
[BlackElo "1572"]
[PlyCount "86"]
[EventDate "2006.07.15"]
[EventType "swiss"]
[EventRounds "9"]
[EventCountry "CAN"]

1. e4 c5 2. c3 d6 3. d4 cxd4 4. cxd4 Nf6 5. Nc3 a6 6. f4 Bg4 7. Be2 Bxe2 8.
Qxe2 g6 9. Nf3 Bg7 10. e5 dxe5 11. fxe5 Nd5 12. Bg5 O-O 13. Nxd5 Qxd5 14. Bxe7
Qa5+ 15. Qd2 Qxd2+ 16. Kxd2 Rc8 17. Rac1 Nc6 18. Bg5 Rc7 19. Ke2 Rd7 20. Rhd1
Re8 21. Be3 Nb4 22. a3 Nd5 23. Rd3 f6 24. Rcd1 fxe5 25. dxe5 Nxe3 26. Rxe3 Rde7
27. Rd5 Bh6 28. Re4 Bc1 29. Rb4 Kf7 30. Kd3 Bh6 31. Re4 Bc1 32. Re2 Re6 33.
Rd7+ R8e7 34. Rxe7+ Rxe7 35. Ke4 Bh6 36. Nd4 Bg7 37. Kd5 Rd7+ 38. Kc5 b6+ 39.
Kc4 b5+ 40. Kd3 Rd5 41. e6+ Ke7 42. Re4 Bxd4 43. Rxd4 Kxe6 1/2-1/2

[Event "CAN-op U2000"]
[Site "Kitchener CAN"]
[Date "2006.07.18"]
[Round "4"]
[White "Coleman, Mike"]
[Black "Ferreira, Alex"]
[Result "1-0"]
[WhiteElo "1998"]
[BlackElo "1855"]
[PlyCount "75"]
[EventDate "2006.07.15"]
[EventType "swiss"]
[EventRounds "9"]
[EventCountry "CAN"]

1. e4 c5 2. Nf3 Nc6 3. d4 cxd4 4. Nxd4 Nf6 5. Nc3 a6 6. Be2 e6 7. O-O Bb4 8.
Nxc6 dxc6 9. Qxd8+ Kxd8 10. e5 Bxc3 11. bxc3 Nd5 12. c4 Nb6 13. Bg5+ Ke8 14.
Rfd1 Nd7 15. f4 f6 16. exf6 gxf6 17. Bh5+ Ke7 18. Bh4 b6 19. Rd3 Rg8 20. Rad1
Ra7 21. Re3 a5 22. Rde1 Nc5 23. f5 b5 24. fxe6 Ra6 25. Bf7 Rg4 26. g3 Rxc4 27.
Bxf6+ Kxf6 28. e7 Bd7 29. Bxc4 bxc4 30. e8=Q Bxe8 31. Rxe8 Ra7 32. Rf1+ Kg7 33.
Re5 Nd3 34. cxd3 cxd3 35. Rg5+ Kh6 36. h4 Rg7 37. Rf6+ Rg6 38. Rgxg6+ 1-0

[Event "CAN-op U2000"]
[Site "Kitchener CAN"]
[Date "2006.07.18"]
[Round "4"]
[White "Coppin, Wayne"]
[Black "Oberton, Daniel"]
[Result "1-0"]
[WhiteElo "1926"]
[BlackElo "1740"]
[PlyCount "95"]
[EventDate "2006.07.15"]
[EventType "swiss"]
[EventRounds "9"]
[EventCountry "CAN"]

1. e4 c5 2. Na3 d6 3. Bb5+ Bd7 4. Qe2 a6 5. Bxd7+ Nxd7 6. f4 g6 7. Nf3 Bg7 8.
c3 b5 9. Nc2 e6 10. d3 Ngf6 11. O-O O-O 12. Kh1 Nb6 13. Bd2 c4 14. d4 d5 15. e5
Ne4 16. Be1 Nd7 17. Bh4 Qc8 18. Ng5 Nxg5 19. fxg5 h6 20. Qg4 h5 21. Qf4 Nb6 22.
g4 hxg4 23. Ne3 Na4 24. Nxg4 Nxb2 25. Nf6+ Bxf6 26. gxf6 Kh7 27. Rf3 Rh8 28.
Rg1 Nd3 29. Qd2 Qf8 30. Bg5 Kg8 31. Rgg3 Rh5 32. Rh3 Qa3 33. Rxh5 gxh5 34. Bh6
Qc1+ 35. Qxc1 Nxc1 36. Bxc1 Kh7 37. Rg3 Rg8 38. Rxg8 Kxg8 39. a4 bxa4 40. Kg2
Kh7 41. Kg3 Kg6 42. Kf4 Kh6 43. h4 a5 44. Ba3 Kg6 45. Bf8 a3 46. Bxa3 Kh6 47.
Bf8+ Kg6 48. Bg7 1-0

[Event "CAN-op U2000"]
[Site "Kitchener CAN"]
[Date "2006.07.18"]
[Round "4"]
[White "Dragan, Cristian"]
[Black "Supsup, Ferdinand"]
[Result "0-1"]
[WhiteElo "1430"]
[BlackElo "1880"]
[PlyCount "76"]
[EventDate "2006.07.15"]
[EventType "swiss"]
[EventRounds "9"]
[EventCountry "CAN"]

1. e4 c5 2. Nc3 d6 3. f4 Nc6 4. Nf3 a6 5. d3 g6 6. Be3 Bg7 7. g3 Nf6 8. Bg2 Ng4
9. Bg1 Qa5 10. Qd2 Be6 11. h3 Nf6 12. Be3 Qb4 13. Rb1 Rc8 14. a3 Qa5 15. O-O
Bd7 16. g4 e6 17. Qf2 b5 18. Nh4 Ng8 19. Bd2 b4 20. axb4 cxb4 21. Ne2 Qb5 22.
f5 Nd8 23. Rfc1 a5 24. Qf3 Nc6 25. Qf2 a4 26. g5 e5 27. f6 Bf8 28. Qe3 h6 29.
Qg3 hxg5 30. Bxg5 Rc7 31. c4 Qa5 32. Ra1 Be6 33. Qe1 Bh6 34. Qg3 Qc5+ 35. Kh2
Bxg5 36. Qxg5 Qf2 37. Ng3 Nd4 38. Rxa4 Nf3+ 0-1

[Event "CAN-op U2000"]
[Site "Kitchener CAN"]
[Date "2006.07.18"]
[Round "4"]
[White "Garel, Rick"]
[Black "Cashin, Ken"]
[Result "1-0"]
[WhiteElo "1861"]
[BlackElo "1699"]
[PlyCount "87"]
[EventDate "2006.07.15"]
[EventType "swiss"]
[EventRounds "9"]
[EventCountry "CAN"]

1. e4 c5 2. Nf3 e6 3. d4 cxd4 4. Nxd4 Nf6 5. Nc3 d6 6. Be3 Be7 7. Be2 O-O 8.
Qd2 Nc6 9. Nb3 a6 10. a4 Qc7 11. a5 Ne5 12. Bb6 Qc6 13. Nd4 Qe8 14. f4 Ng6 15.
Nb3 Bd7 16. O-O Rc8 17. Rad1 Rxc3 18. Qxc3 Nxe4 19. Qe3 Bc6 20. Bf3 f5 21. Bc7
e5 22. Bxe4 exf4 23. Bxc6 Qxc6 24. Qe6+ Kh8 25. Bb6 Qxc2 26. Rd2 Qe4 27. Re1
Qb4 28. Rd4 Qb5 29. Qc4 Qd7 30. Nc5 Qe8 31. Nxb7 Ne5 32. Qd5 f3 33. Rxe5 dxe5
34. Qxe5 Qg6 35. Qg3 Bg5 36. Qxf3 Re8 37. Rd1 f4 38. Nd6 Rf8 39. Ne4 Bh6 40.
Rd6 Qf5 41. Rd8 Rxd8 42. Bxd8 Qd5 43. Bb6 Qd1+ 44. Qxd1 1-0

[Event "CAN-op U2000"]
[Site "Kitchener CAN"]
[Date "2006.07.18"]
[Round "4"]
[White "Humphreys, Michael"]
[Black "Heinisch, Peter"]
[Result "0-1"]
[WhiteElo "1535"]
[BlackElo "1712"]
[PlyCount "36"]
[EventDate "2006.07.15"]
[EventType "swiss"]
[EventRounds "9"]
[EventCountry "CAN"]

1. Nf3 Nf6 2. c4 e6 3. g3 d5 4. Bg2 Nc6 5. cxd5 exd5 6. d4 h6 7. O-O Be7 8. Nc3
O-O 9. Bf4 g5 10. Bc1 Bf5 11. h4 Ne4 12. hxg5 hxg5 13. Ne1 Qd7 14. Nc2 Bh3 15.
Kh2 Kg7 16. Nxe4 dxe4 17. Rh1 Rh8 18. Bxe4 Bf5+ 0-1

[Event "CAN-op U2000"]
[Site "Kitchener CAN"]
[Date "2006.07.18"]
[Round "4"]
[White "Johnston, Robert"]
[Black "Goodman, Kevin"]
[Result "1-0"]
[WhiteElo "1776"]
[BlackElo "1870"]
[PlyCount "45"]
[EventDate "2006.07.15"]
[EventType "swiss"]
[EventRounds "9"]
[EventCountry "CAN"]

1. e4 c6 2. d4 d5 3. e5 Bf5 4. g4 Be4 5. f3 Bg6 6. h4 h5 7. g5 e6 8. Bd3 Ne7 9.
Ne2 c5 10. c3 Nbc6 11. Nf4 Bxd3 12. Qxd3 Nf5 13. g6 Qc7 14. Na3 a6 15. Nc2 Rc8
16. Nxd5 exd5 17. Qxf5 cxd4 18. gxf7+ Kd8 19. Bg5+ Ne7 20. Nxd4 Rh6 21. Ne6+
Kd7 22. Nxf8+ Kc6 23. Bxe7 1-0

[Event "CAN-op U2000"]
[Site "Kitchener CAN"]
[Date "2006.07.18"]
[Round "4"]
[White "Keep, Richard"]
[Black "Luiting, Larry"]
[Result "0-1"]
[WhiteElo "1785"]
[BlackElo "1617"]
[PlyCount "120"]
[EventDate "2006.07.15"]
[EventType "swiss"]
[EventRounds "9"]
[EventCountry "CAN"]

1. e4 c5 2. Bc4 e6 3. Bb3 b5 4. c4 bxc4 5. Bxc4 Nc6 6. Nc3 Nf6 7. Nf3 d5 8.
exd5 exd5 9. Bb5 Qe7+ 10. Ne2 Qb7 11. Bxc6+ Qxc6 12. O-O Bd6 13. d4 O-O 14.
dxc5 Qxc5 15. Be3 Qb5 16. Bd4 Ba6 17. Re1 Ne4 18. Nc3 Nxc3 19. Bxc3 Bb4 20.
Bxb4 Qxb4 21. Qxd5 Qxb2 22. Rab1 Qf6 23. h3 Rfd8 24. Qe4 Bd3 25. Qa4 Bxb1 26.
Rxb1 h6 27. Rb7 a5 28. Qb3 Rac8 29. Qe3 Rd1+ 30. Kh2 Qd6+ 31. g3 Rd3 32. Qe4
Qd5 33. Qxd5 Rxd5 34. Rb2 Rc3 35. Kg2 Rdc5 36. Ne1 a4 37. h4 a3 38. Rd2 Kf8 39.
Re2 Rb5 40. Rc2 Rxc2 41. Nxc2 Ra5 42. Kf3 Ke7 43. Ke3 Kd6 44. Kd4 Rd5+ 45. Ke3
Rc5 46. Kd3 Rf5 47. Ke3 Ra5 48. Kd4 Ra4+ 49. Ke3 h5 50. Kd3 f6 51. Ne3 g5 52.
f3 gxh4 53. gxh4 Ke5 54. Kd2 Rb4 55. Kc3 Rxh4 56. Kb3 Rd4 57. Nc2 Rd3+ 58. Kb4
Rxf3 59. Nxa3 Rxa3 60. Kxa3 h4 0-1

[Event "CAN-op U2000"]
[Site "Kitchener CAN"]
[Date "2006.07.18"]
[Round "4"]
[White "Kiss, Istvan3"]
[Black "Baxted, Peter"]
[Result "1/2-1/2"]
[WhiteElo "1825"]
[BlackElo "1685"]
[PlyCount "44"]
[EventDate "2006.07.15"]
[EventType "swiss"]
[EventRounds "9"]
[EventCountry "CAN"]

1. e4 e5 2. Nf3 Nc6 3. Bb5 f5 4. d3 Nf6 5. O-O fxe4 6. dxe4 Nxe4 7. Bxc6 bxc6
8. Nxe5 Qf6 9. Ng4 Qg6 10. Ne5 Qf5 11. Nd2 Nxd2 12. Bxd2 Bd6 13. Bc3 O-O 14.
Qd4 Bxe5 15. Qxe5 Qxe5 16. Bxe5 d6 17. Bg3 Re8 18. Rfe1 Bf5 19. c3 Kf7 20. f3
Rab8 21. b3 Rxe1+ 22. Rxe1 Re8 1/2-1/2

[Event "CAN-op U2000"]
[Site "Kitchener CAN"]
[Date "2006.07.18"]
[Round "4"]
[White "McKay, Brian"]
[Black "Qin, Zi Yi (Joey)"]
[Result "1-0"]
[WhiteElo "1720"]
[BlackElo "1780"]
[PlyCount "68"]
[EventDate "2006.07.15"]
[EventType "swiss"]
[EventRounds "9"]
[EventCountry "CAN"]

1. d4 Nf6 2. Nf3 g6 3. Bf4 Bg7 4. h3 O-O 5. e3 d5 6. Be2 Nbd7 7. Nbd2 b6 8. O-O
Bb7 9. c3 c5 10. Re1 Re8 11. Rc1 Nh5 12. Bh2 Bh8 13. Ne5 Nxe5 14. dxe5 Ng7 15.
Bd3 Ne6 16. f4 Nc7 17. f5 a6 18. e6 fxe6 19. fxg6 h6 20. Qh5 Bg7 21. Bf4 d4 22.
e4 dxc3 23. bxc3 Qxd3 24. Bxh6 Bd4+ 25. cxd4 Qxd4+ 26. Kh2 Qh8 27. Nc4 e5 28.
Nxe5 Ne6 29. Nf7 Qd4 30. Rcd1 Qc3 31. Re3 Ng7 32. Bxg7 Qxg7 33. Nh6+ Kh8 34.
Nf5+ Kg8 1-0

[Event "CAN-op U2000"]
[Site "Kitchener CAN"]
[Date "2006.07.18"]
[Round "4"]
[White "Morabito, Matthew"]
[Black "Cunningham, Ross"]
[Result "1-0"]
[WhiteElo "1800"]
[BlackElo "1517"]
[PlyCount "149"]
[EventDate "2006.07.15"]
[EventType "swiss"]
[EventRounds "9"]
[EventCountry "CAN"]

1. e4 c5 2. Nf3 d6 3. Bc4 Nf6 4. Nc3 Nc6 5. O-O Bg4 6. h3 Bh5 7. g4 Bg6 8. Re1
h5 9. g5 Nd7 10. Nh4 Nce5 11. Nxg6 Nxg6 12. d3 e5 13. Qf3 f6 14. Qf5 Nh4 15.
Qe6+ Qe7 16. Qxe7+ Bxe7 17. gxf6 Bxf6 18. Re3 O-O-O 19. Rg3 Nf8 20. Be3 Nfg6
21. Nd5 Rdf8 22. Kf1 Rh7 23. Ke2 Kd8 24. Rag1 Ne7 25. Nc3 Kd7 26. Bb5+ Kc7 27.
Ba4 a6 28. Bb3 Kd7 29. Nd5 Nxd5 30. Bxd5 b5 31. b3 g6 32. Ra1 a5 33. c4 Rb8 34.
cxb5 Rxb5 35. Bd2 Bd8 36. Rf1 Rh8 37. f4 Rf8 38. fxe5 Rxf1 39. e6+ Ke8 40. Kxf1
Rb8 41. Ke2 a4 42. Bc6+ Ke7 43. Bg5+ Kxe6 44. Bxd8 axb3 45. Bxh4 b2 46. Rxg6+
Kf7 47. Rg1 b1=Q 48. Bd5+ Kf8 49. Rxb1 Rxb1 50. Bg5 Ke8 51. h4 Kd7 52. Bf6 Rh1
53. Kd2 Kc7 54. Kc2 Kb6 55. Bf7 Kb5 56. Bxh5 c4 57. Be8+ Kc5 58. dxc4 Kxc4 59.
Bf7+ Kb4 60. Bd5 Kc5 61. Kd2 Rg1 62. Ke3 Rg6 63. Bg5 Kb6 64. Kf4 Kc7 65. Kf5
Rxg5+ 66. hxg5 Kb6 67. g6 Kc5 68. g7 Kd4 69. g8=Q Kc5 70. a3 Kb6 71. Qc8 Kb5
72. Qc4+ Kb6 73. a4 Ka7 74. Qc6 Kb8 75. Qb7# 1-0

[Event "CAN-op U2000"]
[Site "Kitchener CAN"]
[Date "2006.07.18"]
[Round "4"]
[White "Palmer, Jordan"]
[Black "Ritchie, Gordon"]
[Result "1-0"]
[WhiteElo "1897"]
[BlackElo "1787"]
[PlyCount "75"]
[EventDate "2006.07.15"]
[EventType "swiss"]
[EventRounds "9"]
[EventCountry "CAN"]

1. e4 c6 2. d4 d5 3. c4 e6 4. Nc3 Bb4 5. cxd5 exd5 6. exd5 cxd5 7. Qa4+ Nc6 8.
Bb5 Bxc3+ 9. bxc3 Bd7 10. Nf3 Nge7 11. O-O a6 12. Be2 b5 13. Qc2 O-O 14. Bd3 h6
15. Bf4 Rc8 16. Qd2 Bf5 17. Rae1 Bxd3 18. Qxd3 Ng6 19. Be3 Qc7 20. Qd2 Kh7 21.
h4 f5 22. h5 Nh8 23. Bf4 Qf7 24. Ne5 Qxh5 25. Nd7 Rfe8 26. Nb6 Rxe1 27. Rxe1
Re8 28. Nxd5 Rxe1+ 29. Qxe1 Qf7 30. Nc7 g5 31. Bd6 Qd7 32. Qe6 Qxe6 33. Nxe6
Nf7 34. Bc5 Nfd8 35. d5 Nxe6 36. dxc6 Nc7 37. Bb6 Na8 38. Ba5 1-0

[Event "CAN-op U2000"]
[Site "Kitchener CAN"]
[Date "2006.07.18"]
[Round "4"]
[White "Ramenaden, Matthew"]
[Black "Whissell, Mavros"]
[Result "0-1"]
[WhiteElo "1784"]
[BlackElo "1884"]
[PlyCount "68"]
[EventDate "2006.07.15"]
[EventType "swiss"]
[EventRounds "9"]
[EventCountry "CAN"]

1. e4 c5 2. Nf3 d6 3. d4 cxd4 4. Nxd4 Nf6 5. Nc3 g6 6. Be3 Bg7 7. f3 Nc6 8. Nb3
Be6 9. Nd5 O-O 10. Qd2 Bxd5 11. exd5 Ne5 12. O-O-O Qc7 13. Bh6 Nc4 14. Bxc4
Qxc4 15. Bxg7 Kxg7 16. Qd4 Rfc8 17. Rd2 a5 18. Qxc4 Rxc4 19. Rd3 a4 20. Nd2 Rc5
21. c4 b5 22. b3 axb3 23. Rxb3 bxc4 24. Rb7 Nxd5 25. Ne4 Rca5 26. Rd1 Ne3 27.
Rd2 d5 28. Nc3 e6 29. f4 h5 30. g3 Nf5 31. Kb1 d4 32. Nb5 c3 33. Re2 d3 34.
Rxe6 Rxb5+ 0-1